000 00887nam a22002537a 4500
003 OSt
005 20250616144053.0
008 250219b |||||||| |||| 00| 0 eng d
020 _a9781119393405 (hardcover)
040 _aNUST
_beng
_cNUST
_dNUST
_erda
050 _aQC595 KUR
100 _aKurdila, Andrew
_eAuthor
245 _aVibrations of linear piezostructures /
_cAndrew J. Kurdila and Pablo A. Tarazaga.
260 _aHoboken, NJ :
_bJohn Wiley and Sons,
_c©2021.
300 _axxi, 234 pages :
_bIllustrations ;
_c24 cm.
336 _2rdacontent
_atext
_btxt
337 _2rdamedia
_aunmediated
_bn
338 _2rdacarrier
_avolume
_bnc
504 _aIncludes bibliographical references and index.
650 _vPiezoelectricity.
650 _vVibration.
700 _aTarazaga, Pablo A.
_eAuthor
942 _2lcc
_cBOOKS
_eFirst edition.
_hQC595 KUR
_kQC
_mKUR
_n0
999 _c171306
_d171306